000
00214nam a2200097Ia 4500
008
120527s9999 xx 000 0 und d
100
_a
WALLET, M.
245
_a
Second time around
260
_b
Headline
942
_c
BK
999
_c
25679
_d
25679